|
|
|
|
| LEADER |
00000naa a2200000uu 4500 |
| 001 |
vtls011084921 |
| 003 |
SK-MaSNL |
| 005 |
20260302105053.0 |
| 008 |
220810|1996 xo |||||||||||||||||cze| |
| 015 |
|
|
|a SNBRA
|
| 035 |
|
|
|a (urnnbn)urn:nbn:sk:snk:ar-a0cllu
|
| 035 |
|
|
|a (uuid)ff920992-7702-4b70-9121-905c1b9bd000
|
| 035 |
|
|
|a urn:nbn:sk:snk-aavrhw
|
| 040 |
|
|
|a SNKBUCL
|b slo
|c SNKBUCL
|e AACR2
|
| 041 |
0 |
|
|a cze
|
| 044 |
|
|
|a xo
|c SK
|
| 100 |
1 |
|
|a Kernerová, N.
|4 aut
|9 772923
|
| 245 |
1 |
0 |
|a NOVÉ SYSTÉMY HODNOCENÍ PRASAT
|c N. Kernerová, A. Vejčík, V. Matoušek
|
| 700 |
1 |
|
|a Vejčík, A.
|4 aut
|9 772932
|
| 700 |
1 |
|
|a Matoušek, V.
|4 aut
|9 708709
|
| 773 |
0 |
|
|t Zborník z medzinárodnej vedeckej konferencie "Agronomická fakulta a vývoj poľnohospodárstva na Slovensku"
|d Nitra : Vysoká škola poľnohospodárska, 1996
|g S. 120-123
|z 807137279X
|
| 954 |
|
|
|a odborná, vedecká literatúra cudzojazyčná (svetová)
|2 lita
|
| 958 |
|
|
|a OND
|
| 958 |
|
|
|a article12
|
| 958 |
|
|
|a chapter
|
| 999 |
|
|
|c 1237303
|d 1239233
|